00381nam a22001217a 4500082001600000100001800016245003600034260002700070650002400097942000700121999001500128952011600143 a547.045 MUI aMuir,Pattison aA course of practical Chemistry aLondonbLongmansc1899 apractical chemistry cBK c3124d3124 0010708NFICaICbICcGENd2016-01-22l2o547.045 MUIp002490r2023-05-22 00:00:00s2023-05-09w2016-01-22yBK